| 000 | 00620cam a2200193 a 4500 | ||
|---|---|---|---|
| 005 | 20250901165257.0 | ||
| 008 | 021106s2004 maua b 001 0 eng | ||
| 010 | _a 2002043116 | ||
| 020 | _a0072824166 (annotated instructor's ed. : softcover : alk. paper) | ||
| 050 | 0 | 0 |
_aHM585 .S324 2004 _b.S324 2004 |
| 082 | 0 | 0 |
_a301 _221 |
| 100 | 1 | _aSchaefer, Richard T. | |
| 245 | 1 | 0 |
_aSociology : _ba brief introduction / _cRichard T. Schaefer. |
| 250 | _a5th ed. | ||
| 260 |
_aBoston : _bMcGraw-Hill, _cc2004. |
||
| 300 |
_axxxiii, 493 p. : _bcol. ill. ; _c27 cm. |
||
| 500 | _a"Annotated instructor's edition." | ||
| 942 | _2ddc | ||
| 999 |
_c1437 _d1437 |
||